Il prezzo di essere /

Guardat en:
Dades bibliogràfiques
Autor principal: Bianchi, Rossella, (1942- )
Format: Llibre
Idioma:italià
Publicat: Genova : De Ferrari, 2022
Col·lecció:Oblò
Etiquetes: Afegir etiqueta
Sense etiquetes, Sigues el primer a etiquetar aquest registre!

MARC

LEADER 00000nam a22000007i 4500
001 IT\ICCU\LIG\0476436
003 ItRI
005 20260309135037.0
008 230714s2022 it |||||| ||||| |||||c
020 |a 9788855034197 
040 |b ita  |c ct 
041 7 |a ita  |2 ISO-639-2 
100 1 |a Bianchi, Rossella,  |d  (1942- )  |0 IT\ICCU\CFIV\321154 
240 1 3 |a Il prezzo di essere  |9 Bianchi, Rossella <1942- > 
245 1 3 |a Il prezzo di essere /  |c Rossella Bianchi. 
260 |a Genova :  |b De Ferrari,  |c 2022 
300 |a 364 p. ;  |c 21 cm 
830 0 |a Oblò  |0 IT\ICCU\CFI\0463611 
942 |2 ddc  |c BK 
999 |c 28900  |d 28900